MARC

LEADER 00000nam0a2200000 4500
001 311664
005 20231102002416.0
020 |a RU  |b 82-27343 
035 |a (RuTPU)RU\TPU\book\337029 
090 |a 311664 
100 |a 20151210d1982 km y0rusy5003 ca 
101 0 |a rus 
102 |a KG 
105 |a a z 001zy 
200 1 |a Распределение напряжений в массиве при разработке месторождений в горных районах  |f Н. Г. Ялымов, О. В. Рогожников, М. Б. Бердибеков  |g Академия наук Киргизской ССР, Институт физики и механики горных пород 
210 |a Фрунзе  |c Илим  |d 1982 
215 |a 149 с.  |c ил. 
320 |a Библиогр.: с. 143-149 
606 1 |a Горное давление  |x Измерение в горных условиях  |2 stltpush  |3 (RuTPU)RU\TPU\subj\7551  |9 35162 
610 1 |a разработка месторождений 
610 1 |a горные массивы 
610 1 |a сложный рельеф 
610 1 |a напряженное состояние 
610 1 |a расчеты 
610 1 |a методика 
610 1 |a Киргизия 
675 |a 622.831(23.0)  |z rus  |v 3 
700 1 |a Ялымов  |b Н. Г.  |g Нариман Галимович  |4 070 
701 1 |a Рогожников  |b О. В. 
701 1 |a Бердибеков  |b М. Б. 
712 0 2 |a Академия наук Киргизской ССР  |b Институт физики и механики горных пород  |c (Бишкек)  |c (1964-1991)  |2 stltpush  |3 (RuTPU)RU\TPU\col\12429  |9 25389 
801 0 |a RU  |b RuMRKP  |c 19950704  |g psbo 
801 1 |a RU  |b 63413507  |c 20151210 
801 2 |a RU  |b 63413507  |c 20191107  |g RCR 
942 |c BK